Zlepšovanie procesov pomocou štatistických metód zborník z medzinárodnej vedeckej konferencie pri príležitosti 70. výročia založenia Ekonomickej univerzity v Bratislave

Gespeichert in:
Bibliographische Detailangaben
Körperschaften: Zlepšovanie procesov pomocou štatistických metód. Medzinárodná vedecká konferencia, Podnikovohospodárska fakulta EU so sídlom v Košiciach. Katedra hospodárskej informatiky a matematiky
Format: Buch
Sprache:Slowakisch
Englisch
Polnisch
Veröffentlicht: Košice Podnikovohospodárska fakulta EU 2010
Schlagworte:
Tags: Tag hinzufügen
Keine Tags, Fügen Sie das erste Tag hinzu!

MARC

LEADER 00000nlm$a2200000$$$4500
001 0113781
005 20220823085819.3
020 |a 978-80-225-2966-2 
041 0 |a slo 
041 0 |a eng 
041 0 |a pol 
044 |a SK 
245 1 0 |a Zlepšovanie procesov pomocou štatistických metód  |b zborník z medzinárodnej vedeckej konferencie pri príležitosti 70. výročia založenia Ekonomickej univerzity v Bratislave  |c garant konferencie Michal Tkáč 
264 1 |a Košice  |b Podnikovohospodárska fakulta EU  |c 2010 
300 |a CD-ROM 
610 2 0 |a metódy štatistické 
610 2 0 |a analýza štatistická 
610 2 0 |a zlepšovateľstvo 
610 2 0 |a procesy podnikové 
610 2 0 |a optimalizácia zásob 
610 2 0 |a metóda simplexová 
110 2 |a Zlepšovanie procesov pomocou štatistických metód. Medzinárodná vedecká konferencia 
710 2 |a Podnikovohospodárska fakulta EU so sídlom v Košiciach. Katedra hospodárskej informatiky a matematiky